Learning Resource and Development

Tourism, tourists and society (Record no. 8630)

MARC details
000 -LEADER
fixed length control field 00868nam a22002777a 4500
005 - DATE AND TIME OF LATEST TRANSACTION
control field 20230512223109.0
008 - FIXED-LENGTH DATA ELEMENTS--GENERAL INFORMATION
fixed length control field 190515t xxu||||| |||| 00| 0 eng d
020 ## - INTERNATIONAL STANDARD BOOK NUMBER
International Standard Book Number 9781138629493
040 ## - CATALOGING SOURCE
Transcribing agency CSPC
082 0# - DEWEY DECIMAL CLASSIFICATION NUMBER
Classification number 306.4819
Item number Sh246t
100 ## - MAIN ENTRY--PERSONAL NAME
Personal name Sharpley, Richard
Relator term author
245 00 - TITLE STATEMENT
Title Tourism, tourists and society
Statement of responsibility, etc. Richard Sharpley
250 ## - EDITION STATEMENT
Edition statement 5th
Remainder of edition statement Edition
260 ## - PUBLICATION, DISTRIBUTION, ETC.
Place of publication, distribution, etc. London:
Name of publisher, distributor, etc. Routledge,
Date of publication, distribution, etc. 2018.
300 ## - PHYSICAL DESCRIPTION
Extent vii, 372 pages:
Other physical details images, figures, tables;
Dimensions 25 cm.
336 ## - CONTENT TYPE
Source rdacontent
Content type term text
337 ## - MEDIA TYPE
Source rdamedia
Media type term unmediated
338 ## - CARRIER TYPE
Source rdacarrier
Carrier type term volume
500 ## - GENERAL NOTE
General note Includes index.
504 ## - BIBLIOGRAPHY, ETC. NOTE
Bibliography, etc. note Includes bibliographical references pages (333-365).
650 10 - SUBJECT ADDED ENTRY--TOPICAL TERM
Topical term or geographic name entry element Tourism
Form subdivision Social aspects.
940 ## - EQUIVALENCE OR CROSS-REFERENCE--UNIFORM TITLE [OBSOLETE] [CAN/MARC only]
Uniform title <a href="Lenie">Lenie</a>
942 ## - ADDED ENTRY ELEMENTS (KOHA)
Koha item type
-- CIR 306.4819 Sh246t 2018
Holdings
Withdrawn status Lost status Damaged status Not for loan Home library Current library Shelving location Date acquired Total Checkouts Full call number Barcode Date last seen Date last checked out Copy number Price effective from Koha item type
        Main Library Main Library Circulation Section 05/12/2023 1 CIR 306.4819 Sh246t 2018 020554 08/29/2023 08/23/2023 1-1 05/12/2023 Books